Statystyki dla Miasta w województwie pomorskim

Kliknij tutaj aby rozwiązać quiz!

Ogólne statystyki

  • Ten quiz został rozwiązany 2 983 razy
  • Średni wynik to 24 z 42

Statystyki odpowiedzi

MiastoLiczba ludności% Poprawnych
Gdańsk462 996
99%
Gdynia247 329
99%
Sopot37 089
95%
Słupsk92 170
84%
Hel3 491
83%
Wejherowo50 129
82%
Malbork38 895
79%
Rumia47 961
76%
Tczew59 977
76%
Władysławowo10 037
76%
Reda24 323
73%
Starogard Gdański48 308
73%
Chojnice39 961
70%
Łeba3 760
70%
Lębork35 374
70%
Kościerzyna23 744
69%
Puck11 322
68%
Ustka15 869
67%
Pruszcz Gdański29 921
65%
Bytów17 032
63%
Jastarnia3 804
63%
Kartuzy14 765
62%
Kwidzyn38 676
60%
Krynica Morska1 313
54%
Nowy Dwór Gdański10 003
54%
Człuchów13 936
52%
Sztum10 268
48%
Miastko10 738
43%
Żukowo6 540
42%
Gniew6 870
41%
Pelplin8 067
41%
Czersk10 008
39%
Czarna Woda2 882
31%
Prabuty8 734
31%
Brusy5 154
29%
Czarne6 066
28%
Skarszewy7 134
27%
Skórcz3 556
27%
Nowy Staw4 349
26%
Dzierzgoń5 501
25%
Debrzno5 161
22%
Kępice3 698
21%

Rozkład punktacji

Percentyl według liczby udzielonych odpowiedzi

Procent ludzi z każdym wynikiem

Twoja historia wyników

Nie rozwiązałeś tego quizu